|
|
|
|
| LEADER |
00000cam a2200000 a 4500 |
| 001 |
vtls010569269 |
| 003 |
SK-MaSNL |
| 005 |
20260301174702.0 |
| 008 |
240314s2013 xo a b 000 0 slo |
| 015 |
|
|
|a SNBA2014/02
|
| 020 |
|
|
|a 9788081400896
|q (brož.)
|
| 035 |
|
|
|a AAF01FE0-C5E7-4BC2-866B-2530C6C0DA0C
|
| 035 |
|
|
|a urn:nbn:sk:snk-amjz12
|
| 035 |
|
|
|a urn:nbn:sk:snk-am007y1j
|
| 040 |
|
|
|a SNK
|b slo
|c SNK
|e AACR2
|
| 041 |
0 |
|
|a slo
|
| 044 |
|
|
|a or
|c SK
|
| 072 |
|
7 |
|a 373.2/.3
|x Predškolská a primárna výchova a vzdelávanie
|2 konspekt
|
| 072 |
|
7 |
|a 376
|x Výchova a vzdelávanie zvláštnych skupín osôb
|2 konspekt
|
| 080 |
|
|
|a 373.2
|2 2001
|
| 080 |
|
|
|a 159.931
|2 2001
|
| 080 |
|
|
|a (0.053.2)
|2 2001
|
| 080 |
|
|
|a 376
|2 2001
|
| 080 |
|
|
|a (076.1)
|2 2001
|
| 100 |
1 |
|
|a Gošová, Věra
|4 aut
|9 336637
|
| 245 |
1 |
0 |
|a KuliFerdo
|b pre žiakov 1. až 4. ročníka ZŠ so špecifickými poruchami učenia : [komplexný súbor pracovných zošitov ...]
|n Pracovný zošit 5
|p Zrakové vnímanie I
|c [Věra Gošová ; ilustrácie Veronika Nádeníčková]
|
| 246 |
3 |
0 |
|a Zrakové vnímanie I
|
| 250 |
|
|
|a 1. vyd.
|
| 260 |
|
|
|a Bratislava
|b Raabe
|c 2013
|
| 300 |
|
|
|a 21 s.
|b ilustr.
|c 30 cm
|
| 490 |
1 |
|
|a KuliFerdo - rozvíja - napráva - baví
|
| 500 |
|
|
|a Náz. z obalu
|
| 650 |
0 |
7 |
|a zrakové vnímanie
|2 SNKPH
|9 112764
|
| 650 |
0 |
7 |
|a špeciálna pedagogika
|2 SNKPH
|9 958
|
| 650 |
0 |
7 |
|a Primary education
|2 SNKPHeng
|9 342127
|
| 650 |
0 |
7 |
|a Visual perception
|2 SNKPHeng
|9 306797
|
| 650 |
0 |
7 |
|a Special education
|2 SNKPHeng
|9 266101
|
| 650 |
0 |
7 |
|a primárne vzdelávanie
|2 SNKPH
|9 182208
|
| 655 |
|
7 |
|a publikácie pre deti
|2 SNKPH
|9 70148
|
| 655 |
|
7 |
|a pracovné zošity
|2 SNKPH
|9 70188
|
| 655 |
|
7 |
|a Children's literature
|2 SNKPHeng
|9 276039
|
| 655 |
|
7 |
|a Activity books
|2 SNKPHeng
|9 302885
|
| 700 |
1 |
|
|a Nádeníčková, Veronika,
|d 1980-
|4 ill
|9 336638
|
| 830 |
|
0 |
|a KuliFerdo - rozvíja - napráva - baví
|9 336639
|
| 852 |
|
|
|a Štátna vedecká knižnica v Banskej Bystrici
|
| 919 |
|
|
|a 978-80-8140-089-6
|
| 999 |
|
|
|c 840323
|d 842253
|
| 952 |
|
|
|a SNK
|b SNK
|y PREZ
|7 0
|p 17A1103576
|o snkSB 86161/5
|i snk2014/3297
|8 0
|0 0
|1 0
|4 0
|d 2014-02-03
|f 1
|l 0
|r 2025-05-07 00:00:00
|w 2026-02-24
|
| 952 |
|
|
|a SNK
|b SNK
|y VYP
|7 0
|p 17A1103577
|o snkSB 86161/5 D1
|i snk2014/3298
|8 0
|0 0
|1 0
|4 0
|d 2014-02-03
|l 0
|r 2016-06-30 00:00:00
|w 2026-02-24
|